000 00615nam a2200229Ia 4500
005 20260429112030.0
008 260429s9999||||xx |||||||||||||| ||und||
020 _a9781032437415
041 _aEnglish
082 _a621.36
_bCHE
100 _aChen, C.H.
245 0 _aSignal and image processing for remote sensing /
_cC.H. Chen
250 _a3rd ed.
260 _aBoca Raton :
_bCRC Press,
_c2024.
300 _axviii, 413 p.; hb
650 _a Image processing
650 _a Optical engineering
650 _a Remote sensing
650 _a Signal processing
650 _aEngineering
942 _cTB
999 _c51989
_d51989